| 000 | 00987cam a2200229 i 4500 | ||
|---|---|---|---|
| 005 | 20251218101702.0 | ||
| 008 | 250721s2006 ua gr 000 0 ara d | ||
| 020 | _a9773722015 | ||
| 082 | 1 | 4 |
_a217.8 _bط ح ا |
| 100 | 1 |
_aالطحاوي، ابو جعفر أحمد بن محمد ...الحنفي _eمؤلف. |
|
| 245 | 1 | 0 |
_aشرح العقيدة الطحاوية / _cللامام ابو جعفر المصري الطحاوي ؛ شرحها الامام القاضي علي بن علي بن محمد بن ابي العز الحنفي الدمشقي. |
| 250 | _aالطيعه الاولى. | ||
| 264 | 3 | 1 |
_aالقاهرة : _bدار الغد الجديد، _c2006. |
| 300 | _a440 صفحة. | ||
| 650 | 1 | 7 | _aالفتاوى. |
| 650 | 1 | 7 | _aالأحكام الشرعية. |
| 650 | 1 | 7 | _aالفقه الإسلامي. |
| 650 | 1 | 7 | _aالفرق الإسلامية. |
| 700 | 1 | _aالدمشقي، علي بن علي بن محمد | |
| 942 |
_2ddc _cBK |
||
| 999 |
_c104380 _d104380 |
||